| 000 | 01142nam a22002897a 4500 | ||
|---|---|---|---|
| 003 | EG-ScBUE | ||
| 005 | 20211205120853.0 | ||
| 008 | 100623s1968 le f 000 1f ara d | ||
| 040 |
_aEG-ScBUE _bara _erda _cEG-ScBUE _dEG-ScBUE |
||
| 082 | 0 | 4 |
_a843.91 _bك ا م _222 |
| 100 |
_915080 _aكامو، ألبير، _d1913-1960، _eمؤلف. |
||
| 245 | 1 | 2 |
_aالطاعون / _cألبير كامو ؛ ترجمة حنا سلمان، نديم مرعشلي. |
| 250 | _aالطبعة الأولى. | ||
| 264 | 1 |
_aبيروت : _bالشركة اللبنانية للكتاب، _c1968. |
|
| 300 |
_a237 صفحة ؛ _c24 سم |
||
| 336 |
_2rdacontent _aنص _btxt |
||
| 337 |
_2rdamedia _aبدون وسيط _bn |
||
| 338 |
_2rdacarrier _aمجلد _bnc |
||
| 546 | _aالنص باللغة العربية وتم ترجمته من اللغة الفرنسية. | ||
| 650 | 7 |
_915083 _aالقصص الفرنسية _yقرن 20. _2BUEsh |
|
| 651 | _2BUEsh | ||
| 653 |
_bARALIT _cDecember2021 |
||
| 655 |
_vReading book _934232 |
||
| 700 | 1 |
_915081 _aسلمان، حنا، _eمترجم. |
|
| 700 | 1 |
_915082 _aمرعشلي، نديم، _eمترجم. |
|
| 942 |
_2ddc _cBB |
||
| 999 |
_c14171 _d14171 |
||